000 00327 a2200157 4500
001 167210
020 _a
040 _cMagnum
100 _aLibanio, J. B.
240 1 0 _aIdeologia e cidadania
_lpor
245 1 0 _aIdeologia e cidadania
362 0 _a1899
440 1 _aModerna
697 _aPROBLEMAS SOCIAIS
942 _cBK
999 _c167210
_d167210